000 00504nam a2200181Ia 4500
003 GCL
008 140319s9999 xx 000 0 eng d
040 _aGCL /
_cGCL
082 0 4 _a621.366
_bS F
100 1 _aGHAFOURI - SHIRAZ, H
245 1 0 _aFUNDAMENTALS OF LASER DIODE AMPLIFIERS /
_cGHAFOURI - SHIRAZ, H
260 _a[S.N] :
_bJOHN WILEY AND SONS. INC ،
_c1996
300 _a240 P
650 0 4 _aTECHNOLOGY
650 0 4 _aSEMICONDUCTOR LASERS
650 0 4 _aOPTICAL AMPLIFIERS
942 _2ddc
_cBK
999 _c16137
_d16137